• 首页
  • 本馆介绍
  • 公告通知
  • 最新文献
  • 馆藏检索
  • 电子资源
  • 读者导购
  • 参考咨询
  • 我的图书馆
  • 登录
  • 详细信息显示
  • 放入我的书架
  • 预约/预借图书
  • 作者相关作品
  • 分类相关作品
  • 丛书相关作品
  • 出版社相关作品

书目信息

  • 表格格式
  • 工作单格式
  • 卡片格式
题名:
固体物理译丛
    
 
作者: ;河北师范大学 编
分册: 上册  
出版信息:    1984
页数: 231页
开本: 26cm
丛书名:
单 册:
中图分类: O48-44
科图分类:
主题词: 固体物理学
电子资源:
ISBN:
000 00551nam0 2200181 450
001 0662549098
005 20060927172535.53
100    @a20060927d1984 km y0chiy0120 ea
101 0  @achi
200 1  @a固体物理译丛@Agu ti wu li yi cong@e问题和习题解答@h上册@f河北师范大学编@Fhe bei shi fan da xue bian
210    @d1984
215    @a231页@d26cm
517 1  @a问题和习题解答@Awen ti he xi ti jie da
606 0  @a固体物理学
690    @aO48-44@v3
711  0 @a河北师范大学@Ahe bei shi fan da xue@4编
801  0 @aCN@bPFT@c20060927
905    @a10447@dO48-44@e43:1
    
    固体物理译丛:问题和习题解答.上册/河北师范大学编.-1984
    231页;26cm
    
    
    ISBN :
    
●
相关链接 在E读中查询图书 在五车中查询图书 在当当中查询图书 在豆瓣中查询图书


正题名:固体物理译丛     索取号:O48-44/43:1         预约/预借

序号 登录号 条形码 馆藏地/架位号 状态 备注
1 0422818   204228184   密集书库/ [索取号:O48-44/43:1] 在馆    
2 0422819   204228193   密集书库/ [索取号:O48-44/43:1] 在馆    
唐山师范学院图书馆 欢迎您!
大连网信软件有限公司© 版权所有